000 00318nam a2200145Ia 4500
100 _aKumbhojkar/G.v
942 _cBK
366 _f20
654 _aapplied mathematics
245 _aApplied Mathematics II
260 _bC.Jamnadas and Co.
_aPune
_c2008
082 _a511/KUM
_bKUM
546 _aENGLISH
999 _c33705
_d33705